000 00573nam a2200181Ia 4500
005 20250508161506.0
008 008 250505s9999 xx 000 0 eng d
037 _aBooks to be hide in OPAC
040 _aFEDL
_beng
_cFEDL
041 _aeng
_2eng
084 _a373.1, GOW
_qFEDL
100 _aGowda A C Deve
_9763112
245 0 _aPlan for the training of secondary school teachers in Mysore State
260 _aNew Delhi, India
_bIndian Association of Teacher Educators
_c1967
300 _aiv,77p
942 _cHB
_h373.1, GOW
999 _c1370284
_d1370284